000 00513cam a2200193ua 4500
001 1292
008 110701n ii |||gr||||Z||||||eng
020 _a81-87125-95-0
040 _cMAIN
082 _a338.9
100 1 _aJhingan, M L.,
245 1 _aEconomics of developement and planning.
_cBy M L Jhingan.
250 _a37th.
260 _aDelhi.:
_bVrinda publications.,
_c2004.
300 _axix, 864 p.:
_c25 cm.
653 _aEconomics.
653 _aEconomics of developement and planning.
942 _cBK
999 _c1193
_d1193